00695nab a2200217uuc450000100070000000500170000700800410002403500110006503500210007604000130009704100080011010000300011824500630014865000260021165000220023770000310025970000340029070000300032470000260035477300970038096168020240201202850.0060201e20050701 spa  a961680 a(OCoLC)820343294 ccomduadb aspa10aMacia G., A. F.4auteaut10aMetodologia para el diseño conceptual de cocinas solares 7aEnergía solar2lemb 7aRadiación2lemb10aEstrada V., D.A.4auteaut10aChejne Janna, Farid4auteaut10aVelasquez, H.I.4auteaut10aRengifo, R.4auteaut0 tDYNA (Medellín)gVolumen 072, Número 146, Julio 2005, p. 65-88w188384x0012-7353082258